How I Met Your Mother : Finish the Quote Season 9 Quiz Stats

 Plays Quiz not verified by Sporcle

Support Sporcle.
Go Orange.
Score 0/15 Timer 07:00
0 Plays Today
% Correct
Think of it as a high five... for your stupid face.
96.1%
I've got, like, three castle guys. And a moat guy.
96.1%
Ringbear-er!
95.2%
It’s a style of pizza. Ted, you can’t live in pizza.
95.2%
I'm saying I did not order room service.
94.7%
A marriage has to be built on honesty and trust and all that Lily-and-Marshall crap.
94.7%
This is a story about how you're totally in love with Aunt Robin.
94.2%
That's why when you find someone you want to keep around, you do something about it.
93.7%
% Correct
Because I'm not that guy anymore.
93.2%
I've got you. I don't have to wait for it anymore.
92.3%
That seems high.
92.3%
is yours Forever.
91.8%
Game on, bitch!
90.8%
but someone's going to.
90.3%
That's it?
85%

You're not logged in!

Compare scores with friends on all Sporcle quizzes.
OR
Log In

From the Vault

-mic Definitions

by NO_r_WAY

You're entitled to a mic drop if you score 100%.
Remove Ads.
Support Sporcle.
Get the best of Sporcle when you Go Orange. This ad-free experience offers more features, more stats, and more fun while also helping to support Sporcle. Thank you for becoming a member.

Show Comments

Extras

Top Quizzes Today


Score Distribution

Your Account Isn't Verified!

In order to create a playlist on Sporcle, you need to verify the email address you used during registration. Go to your Sporcle Settings to finish the process.

Report this User

Report this user for behavior that violates our Community Guidelines.

Details: